000 00990nam a22002657a 4500
005 20170124103216.0
010 _aB-158189
020 _c00.00
035 _aB-158189
037 _bCen Lib/Ret
040 _aDPL
_bHN
082 _a181.4
_bयोगान
100 _aगोयानंद, परमहंस
_999046
245 _aयोगी कथामृत /
_cपरमहंस गोयानंद
246 _aYogi kathamrit /
_bby Paramhans Yoganand
260 _aकोलकाता
_bयोगानंद सत्संग सोसाइटी of इंडिया
_c2004
270 _bकोलकाता
300 _axviii,658पृ.
_c19सेमी(सजिल्द )
500 _aअनुक्रमाणिका शामिल
650 _aयोग
_x
_z
_943347
650 _aदर्शन
_999047
650 _ayoga
_999048
650 _aphilosophy
_999049
942 _2ddc
_cHN
_h181.4
_mयोगान
999 _c121519
_d121519